00454nam a2200193 a 4500001001300000003000900013005001700022008004100039020001000080082001300090100001500103245002100118260003300139300000900172500003500181505001000216650001900226700001500245nice12345678IN_TiNIC20260116011331.0050524s1908 egya grp 000 0 ara  ac10000a915bWAR aAl-Wardi,  aKharidatul Ajaib aEgyptbMaktaba-E-ilmiac1908 a239p aincludes index and biblioraphy2 aIndex aGeography-Asia1 aAl-Wardi,